| 000 | 00463cam a2200193ua 4500 | ||
|---|---|---|---|
| 041 |
_aeng _h |
||
| 082 |
_a621.4025 _bPAN/EL |
||
| 100 | _aPandya, N.C . | ||
| 245 |
_aElements of heat engines / _cN.C.Pandya. _hTextual Documents |
||
| 250 |
_a5 / _b. |
||
| 260 |
_a : _bCharotar book stall , _c1966. |
||
| 300 | _a672 ; . | ||
| 440 | 0 |
_a17.50, _v _x; |
|
| 490 | 0 |
_a17.50, _v _x; |
|
| 504 | _a | ||
| 700 | 1 | _aShah, C.S . | |
| 942 | _cBK | ||
| 999 |
_c2232 _d2232 |
||